Quiz wiedzy o NBA ( trudny ) - Statystyki

Ogólne statystyki
  • Ten quiz został rozwiązany 157 razy
  • Średni wynik to 7 z 10
Statystyki odpowiedzi
Hint Odpowiedź % Poprawnych
Dla ilu drużyn grał ShaQuile O'neal? 6
100%
Ile mistrzostw NBA wygrali Boston Celtics? 17
97%
Ile procent całego NBA zajmują drużyny kanadyjskie (w przybliżeniu)? 3
95%
Dla ilu drużyn grał w swojej karierze RaiQuan Gray? 2
93%
Dla ilu drużyn grał Tracy McGrady? 7
93%
Kto wygrał MVP w sezonie 2015/16? Stephen Curry
85%
Jaka drużyna przegrała finał In-Season Tournament? Indiana Pacers
56%
Jaka drużyna była na 12 miejscu w konferencji zachodniej wsezonie 2015/16? New Orleans Pelicans
24%
Jak brzmiało pełne imię i nazwisko Kareema Abdula-Jabaraprzed zmianą jego imienia i nazwiska? Ferdinand Lewis Alcindor Jr.
16%
Zwycięzca Rookie of the Year w sezonie 1986/87 Chuck Person
12%
Nie znaleziono quizów pasujących do podanych kryteriów
Rozkład punktacji
Procent ludzi z każdym wynikiem
Percentyl według liczby udzielonych odpowiedzi
Twoja historia wyników
Nie rozwiązałeś tego quizu